| 000 | 00363nam a2200121 a 4500 | ||
|---|---|---|---|
| 001 | 000038674 | ||
| 005 | 20201002031330.0 | ||
| 008 | 130417s20uu dr a 000 0 spa d | ||
| 040 |
_aDO-SdBNP _bspa _cBNPHU |
||
| 245 | 0 | 0 |
_aGuia general : _bprograma de prevención de desastres y gestión de riesgos. |
| 260 |
_aSanto Domingo :, _c[201?]. |
||
| 300 |
_a[8] p. ; _c29 cm. |
||
| 999 |
_c38164 _d38164 |
||